[Event "Rio Grande Centennial op"]
[Site "Rio Grande"]
[Date "2021.10.01"]
[Round "5"]
[White "Martinez de Negri, Agustin Gonzalo"]
[Black "Rodriguez Vila, Andres"]
[Result "0-1"]
[WhiteElo "2233"]
[BlackElo "2484"]
[PlyCount "66"]
[EventDate "2021.09.29"]
[EventType "swiss"]
[EventRounds "9"]
[EventCountry "ARG"]
[SourceTitle "EXT 2022"]
[Source "ChessBase"]
[SourceDate "2021.10.06"]
[SourceVersion "1"]
[SourceVersionDate "2021.10.06"]
[SourceQuality "1"]

1. e4 e6 2. d4 d5 3. Nd2 c5 4. dxc5 Bxc5 5. exd5 exd5 6. Ngf3 Nf6 7. Bd3 0-0 8. 0-0 Nc6 9. Nb3 Bb6 10. h3 Qd6 11. Re1 Bxh3 12. Be3 Bxe3 13. Rxe3 Bd7 14. Qd2 Ng4 15. Ree1 f5 16. Bc4 Ne7 17. Rxe7 Qxe7 18. Qxd5+ Kh8 19. Re1 Qd8 20. Qxb7 Rc8 21. Qd5 Qb6 22. Nbd4 Bc6 23. Nxc6 Qxf2+ 24. Kh1 Rf6 25. Re6 Ne3 26. Qd2 Qxd2 27. Nxd2 Rxe6 28. Bxe6 Rxc6 29. Bb3 f4 30. c4 Rh6+ 31. Kg1 Rg6 32. Ne4 Rxg2+ 33. Kh1 f3 0-1

[Event "ARG-ch sf 95th"]
[Site "Buenos Aires"]
[Date "2020.02.25"]
[Round "4"]
[White "Martinez de Negri, Agustin Gonzalo"]
[Black "Villarreal, Agustin"]
[Result "0-1"]
[WhiteElo "2275"]
[BlackElo "2033"]
[PlyCount "52"]
[EventDate "2020.02.22"]
[EventType "swiss"]
[EventRounds "9"]
[EventCountry "ARG"]
[SourceTitle "CBM 195 Extra"]
[Source "ChessBase"]
[SourceDate "2020.05.31"]
[SourceVersion "1"]
[SourceVersionDate "2020.05.31"]
[SourceQuality "1"]

1. e4 e5 2. Nf3 Nc6 3. Bc4 Nf6 4. d3 h6 5. c3 d6 6. b4 g6 7. Qb3 Qe7 8. 0-0 Bg7 9. Nh4 g5 10. Nf5 Bxf5 11. exf5 Qd7 12. h4 d5 13. Bb5 Qxf5 14. d4 exd4 15. Re1+ Kf8 16. Bxc6 bxc6 17. cxd4 Ne4 18. Be3 gxh4 19. Qc2 h3 20. Qxc6 Qg4 21. Kf1 hxg2+ 22. Kg1 Qh3 23. Qxa8+ Ke7 24. Bg5+ hxg5 25. Rxe4+ Kd6 26. Qxh8 Bxh8 0-1

[Event "ARG-ch sf 95th"]
[Site "Buenos Aires"]
[Date "2020.02.23"]
[Round "2"]
[White "Martinez de Negri, Agustin Gonzalo"]
[Black "Villanueva, Mario Nicolas"]
[Result "0-1"]
[WhiteElo "2275"]
[BlackElo "2478"]
[PlyCount "110"]
[EventDate "2020.02.22"]
[EventType "swiss"]
[EventRounds "9"]
[EventCountry "ARG"]
[SourceTitle "CBM 195 Extra"]
[Source "ChessBase"]
[SourceDate "2020.05.31"]
[SourceVersion "1"]
[SourceVersionDate "2020.05.31"]
[SourceQuality "1"]

1. e4 e5 2. Nf3 Nf6 3. Nxe5 d6 4. Nf3 Nxe4 5. d4 d5 6. Bd3 Be7 7. 0-0 Nc6 8. Re1 Bg4 9. c4 Nf6 10. cxd5 Bxf3 11. Qxf3 Qxd5 12. Qxd5 Nxd5 13. Be4 0-0-0 14. Nc3 Bb4 15. Bd2 Nf6 16. Bxc6 bxc6 17. Be3 Rhe8 18. a3 Bxc3 19. bxc3 Ne4 20. c4 Nd6 21. Kf1 Nxc4 22. Rac1 Nxa3 23. Rxc6 Kb7 24. Rc5 a6 25. Ra1 Nb5 26. Ra4 Re6 27. Rh5 h6 28. Rf5 Rd7 29. Rc5 Red6 30. Rcc4 Rd5 31. g4 h5 32. h3 g6 33. Ke2 hxg4 34. hxg4 Re7 35. Kd3 f5 36. gxf5 gxf5 37. Rc5 Rxc5 38. dxc5 Rd7+ 39. Kc2 c6 40. Rf4 Rf7 41. Kb3 Nc7 42. Rb4+ Ka7 43. Rh4 Nd5 44. Bd4 Rb7+ 45. Ka3 a5 46. Rh6 Rb4 47. Be5 Kb7 48. Rh7+ Ka6 49. Rf7 f4 50. Rf8 Kb5 51. Bd6 Kc4 52. Bxf4 Nc3 53. Rb8 Nb5+ 54. Ka2 Kc3 55. Rxb5 cxb5 0-1

[Event "Mar del Plata op 50th"]
[Site "Mar del Plata"]
[Date "2019.04.14"]
[Round "3"]
[White "Martinez de Negri, Agustin Gonzalo"]
[Black "Liascovich, Lucas Agustin"]
[Result "0-1"]
[WhiteElo "2215"]
[BlackElo "2457"]
[PlyCount "102"]
[EventDate "2019.04.13"]
[EventType "swiss"]
[EventRounds "9"]
[EventCountry "ARG"]
[SourceTitle "CBM 190 Extra"]
[Source "ChessBase"]
[SourceDate "2019.07.15"]
[SourceVersion "1"]
[SourceVersionDate "2019.07.15"]
[SourceQuality "1"]

1. e4 e5 2. Nf3 Nc6 3. Bc4 Nf6 4. d3 h6 5. c3 d6 6. Nbd2 g6 7. h3 Bg7 8. Bb3 0-0 9. g4 d5 10. Qe2 Be6 11. Bc2 b5 12. Qe3 d4 13. cxd4 exd4 14. Qe2 Nb4 15. Bb1 c5 16. a3 Nc6 17. Ba2 Bxa2 18. Rxa2 Re8 19. 0-0 c4 20. dxc4 d3 21. Qe3 bxc4 22. Qc5 Rc8 23. Qxc4 Nxe4 24. Qb3 Na5 25. Qb4 Rb8 26. Qa4 Nc5 27. Qf4 Ncb3 28. Nxb3 Nxb3 29. Be3 Qd5 30. Rd1 Nd4 31. Bxd4 Qxa2 32. Bxg7 Kxg7 33. Qd4+ Kg8 34. Rxd3 Qxb2 35. Qd7 Rbd8 36. Qxd8 Rxd8 37. Rxd8+ Kg7 38. Re8 Qxa3 39. Re3 Qc1+ 40. Kg2 a5 41. Re7 Qc5 42. Re4 Qc6 43. Re7 Qa8 44. Kg3 a4 45. Nd4 a3 46. Re3 a2 47. Nb3 Qh1 48. Rc3 g5 49. Re3 Kg6 50. Rc3 h5 51. gxh5+ Kxh5 0-1

[Event "ARG-chT"]
[Site "Villa Martelli"]
[Date "2018.09.01"]
[Round "9.2"]
[White "Martinez de Negri, Agustin Gonzalo"]
[Black "Sosa, Tomas Sebastian"]
[Result "0-1"]
[WhiteElo "2178"]
[BlackElo "2467"]
[PlyCount "104"]
[EventDate "2018.07.07"]
[EventType "team-swiss"]
[EventRounds "9"]
[EventCountry "ARG"]
[SourceTitle "CBM 187 Extra"]
[Source "ChessBase"]
[SourceDate "2018.11.04"]
[SourceVersion "1"]
[SourceVersionDate "2018.11.04"]
[SourceQuality "1"]
[WhiteTeam "Quilmes"]
[BlackTeam "Ferro Carril Oeste"]
[WhiteTeamCountry "ARG"]
[BlackTeamCountry "ARG"]

1. e4 c5 2. Nc3 Nc6 3. Nf3 g6 4. d4 cxd4 5. Nxd4 Bg7 6. Be3 Nf6 7. Bc4 0-0 8. Bb3 Re8 9. f3 e6 10. Nxc6 bxc6 11. Qd6 Nd5 12. exd5 exd5 13. Ne4 dxe4 14. 0-0 Be5 15. Qd2 exf3 16. Rxf3 d5 17. Qf2 Be6 18. c3 a5 19. Ba4 Qc7 20. h3 Rab8 21. Rf1 Rb7 22. Bc5 Reb8 23. b3 Bd6 24. Kh1 Bxc5 25. Qxc5 Rc8 26. Rf6 Qb6 27. Qd6 c5 28. Qe5 d4 29. cxd4 cxd4 30. Rd1 Rd8 31. Rd3 Rc7 32. Rf4 Rc1+ 33. Kh2 Rc5 34. Qe1 Qc7 35. Qg3 Rcd5 36. Rf2 Qxg3+ 37. Kxg3 Bf5 38. Rd1 Rc8 39. Rfd2 d3 40. Kf2 h5 41. a3 Kg7 42. Ke3 Rc2 43. b4 Re5+ 44. Kf3 axb4 45. axb4 Rc4 46. Rb2 g5 47. Kf2 h4 48. Kf1 Rf4+ 49. Kg1 Re2 50. Rxe2 dxe2 51. Re1 Bd3 52. Bc6 Rf1+ 0-1

[Event "ARG-chT"]
[Site "Villa Martelli"]
[Date "2017.09.09"]
[Round "6.3"]
[White "Llanos, Guillermo"]
[Black "Martinez de Negri, Agustin Gonzalo"]
[Result "1-0"]
[WhiteElo "2305"]
[BlackElo "2169"]
[PlyCount "61"]
[EventDate "2017.08.05"]
[EventType "team-swiss"]
[EventRounds "9"]
[EventCountry "ARG"]
[SourceTitle "CBM 180 Extra"]
[Source "ChessBase"]
[SourceDate "2017.10.06"]
[SourceVersion "1"]
[SourceVersionDate "2017.10.06"]
[SourceQuality "1"]
[WhiteTeam "Republica Martelli"]
[BlackTeam "Quilmes"]
[WhiteTeamCountry "ARG"]
[BlackTeamCountry "ARG"]

1. d4 Nf6 2. Nf3 g6 3. Bg5 Bg7 4. Nbd2 c5 5. e3 Nc6 6. c3 d6 7. Bxf6 Bxf6 8. dxc5 d5 9. Bb5 0-0 10. 0-0 Qc7 11. Rc1 Rd8 12. a3 e5 13. b4 e4 14. Nd4 Be5 15. f4 exf3 16. N2xf3 Bg7 17. Qe1 Bh6 18. Rc2 Re8 19. Re2 f5 20. c4 a6 21. Bxc6 bxc6 22. cxd5 cxd5 23. Qc3 Bb7 24. Rfe1 Re7 25. c6 Rd8 26. Qc5 Bc8 27. b5 Rd6 28. b6 Qd8 29. Rb1 Bxe3+ 30. Rxe3 Rxe3 31. b7 1-0

[Event "ARG-ch sf"]
[Site "Vicente Lopez"]
[Date "2016.07.01"]
[Round "8"]
[White "Martinez de Negri, Agustin Gonzalo"]
[Black "Dolezal, Cristian"]
[Result "1-0"]
[WhiteElo "2165"]
[BlackElo "2437"]
[PlyCount "139"]
[EventDate "2016.06.25"]
[EventType "swiss"]
[EventRounds "9"]
[EventCountry "ARG"]
[SourceTitle "CBM 173 Extra"]
[Source "ChessBase"]
[SourceDate "2016.08.29"]
[SourceVersion "1"]
[SourceVersionDate "2016.08.29"]
[SourceQuality "1"]

1. e4 e6 2. d4 d5 3. Nc3 Bb4 4. Nge2 Nc6 5. a3 Ba5 6. b4 Bb6 7. e5 f6 8. b5 Nce7 9. Nf4 Ng6 10. Nxg6 hxg6 11. Na4 fxe5 12. Nxb6 axb6 13. dxe5 Qh4 14. Bd3 Ne7 15. h3 0-0 16. 0-0 c5 17. bxc6 bxc6 18. Rb1 Ba6 19. Rxb6 Bxd3 20. Qxd3 Rfb8 21. Be3 Rxb6 22. Bxb6 Qf4 23. Re1 Nf5 24. Bc5 Ra5 25. Qc3 Rb5 26. Ra1 d4 27. Qc4 Qxe5 28. Ba7 Ra5 29. Bb6 Rd5 30. Rd1 c5 31. a4 Nd6 32. Qd3 Qf5 33. a5 Nc8 34. Rb1 Qxd3 35. cxd3 Nxb6 36. axb6 Rd8 37. f4 Kf7 38. Kf2 Ke7 39. Kf3 Kd7 40. b7 Kc7 41. Rb5 Kb8 42. Rxc5 Kxb7 43. Ke4 Rd7 44. Rg5 Kc7 45. Rxg6 Re7 46. Kxd4 Rf7 47. Ke4 Kd7 48. g4 Ke7 49. Ke5 Kf8 50. Rxe6 Ra7 51. d4 Ra3 52. h4 Kf7 53. Rb6 Re3+ 54. Kf5 Kg8 55. h5 Re7 56. d5 Kh7 57. Re6 Ra7 58. Kg5 Ra5 59. Rd6 Ra7 60. f5 Rb7 61. Rd8 Rb4 62. Rd7 Kh8 63. h6 Kh7 64. hxg7 Rb8 65. d6 Kg8 66. Re7 Rb6 67. d7 Rd6 68. Re8+ Kxg7 69. d8Q Rg6+ 70. Kf4 1-0

[Event "ARG-ch sf"]
[Site "Vicente Lopez"]
[Date "2016.06.30"]
[Round "7"]
[White "Rodriguez, Sebastian"]
[Black "Martinez de Negri, Agustin Gonzalo"]
[Result "0-1"]
[WhiteElo "2054"]
[BlackElo "2165"]
[PlyCount "66"]
[EventDate "2016.06.25"]
[EventType "swiss"]
[EventRounds "9"]
[EventCountry "ARG"]
[SourceTitle "CBM 173 Extra"]
[Source "ChessBase"]
[SourceDate "2016.08.29"]
[SourceVersion "1"]
[SourceVersionDate "2016.08.29"]
[SourceQuality "1"]

1. d4 Nf6 2. c4 g6 3. Nc3 Bg7 4. e4 d6 5. f3 0-0 6. Be3 e5 7. d5 Nh5 8. Nge2 f5 9. Qd2 Nf6 10. 0-0-0 fxe4 11. Nxe4 Nxe4 12. fxe4 a6 13. Kb1 b5 14. c5 Nd7 15. cxd6 cxd6 16. Rc1 Nf6 17. Ng3 Ng4 18. Be2 Nxe3 19. Qxe3 Bd7 20. Bf3 Bf6 21. Qe2 Bg5 22. Rcd1 Rc8 23. Nf1 Qc7 24. Ne3 Qa7 25. Rhe1 b4 26. Qd3 Bb5 27. Qb3 a5 28. Bg4 Rc7 29. Be6+ Kh8 30. Ng4 Qc5 31. Nxe5 a4 32. Qg3 Qc2+ 33. Ka1 Bc1 0-1

[Event "Mar del Plata op 47th"]
[Site "Mar del Plata"]
[Date "2016.03.22"]
[Round "5"]
[White "Di Giannantonio, Nino"]
[Black "Martinez de Negri, Agustin Gonzalo"]
[Result "1/2-1/2"]
[WhiteElo "2351"]
[BlackElo "2146"]
[PlyCount "79"]
[EventDate "2016.03.19"]
[EventType "swiss"]
[EventRounds "9"]
[EventCountry "ARG"]
[SourceTitle "CBM 171 Extra"]
[Source "ChessBase"]
[SourceDate "2016.04.26"]
[SourceVersion "1"]
[SourceVersionDate "2016.04.26"]
[SourceQuality "1"]

1. e4 c5 2. Nf3 e6 3. c3 d5 4. exd5 Qxd5 5. d4 Nf6 6. Be3 cxd4 7. Nxd4 Nc6 8. Nd2 Nxd4 9. Bxd4 Be7 10. Nf3 0-0 11. Bd3 b6 12. 0-0 Bb7 13. a4 Rfd8 14. Qe2 Bd6 15. Bxf6 gxf6 16. Rfd1 Qh5 17. h3 Bxf3 18. Qxf3 Qxf3 19. gxf3 a5 20. Kf1 f5 21. Bb5 Kg7 22. Ke2 Kf6 23. Rd4 h6 24. Rad1 Be7 25. Rxd8 Rxd8 26. Rxd8 Bxd8 27. b4 Kg5 28. bxa5 bxa5 29. Kf1 Bb6 30. Kg2 Kf4 31. Be8 f6 32. Bd7 e5 33. Bc8 Bc5 34. Bd7 Ba3 35. c4 Bc5 36. Bc8 e4 37. Bb7 Ke5 38. Ba8 Kd4 39. Bb7 Kd3 40. Bc6 1/2-1/2

[Event "Mar del Plata op 47th"]
[Site "Mar del Plata"]
[Date "2016.03.20"]
[Round "2"]
[White "Martinez de Negri, Agustin Gonzalo"]
[Black "Krysa, Leandro Sergio"]
[Result "0-1"]
[WhiteElo "2146"]
[BlackElo "2476"]
[PlyCount "62"]
[EventDate "2016.03.19"]
[EventType "swiss"]
[EventRounds "9"]
[EventCountry "ARG"]
[SourceTitle "CBM 171 Extra"]
[Source "ChessBase"]
[SourceDate "2016.04.26"]
[SourceVersion "1"]
[SourceVersionDate "2016.04.26"]
[SourceQuality "1"]

1. e4 e5 2. Nf3 Nc6 3. Bb5 a6 4. Ba4 Nf6 5. d3 d6 6. c3 g6 7. 0-0 Bg7 8. Re1 0-0 9. h3 b5 10. Bc2 Bb7 11. Bg5 h6 12. Be3 d5 13. Nbd2 Nh5 14. Nb3 d4 15. cxd4 exd4 16. Bd2 Qd6 17. Qc1 g5 18. Bb1 Rad8 19. a3 Qg6 20. Ba2 Bc8 21. g4 Ne5 22. Nxe5 Bxe5 23. Qc5 Qf6 24. gxh5 Bxh3 25. f4 gxf4 26. Re2 Kh7 27. Rh2 Rg8+ 28. Kh1 Qg5 29. Qxe5 Bg2+ 30. Kg1 Qxe5 31. Rxg2 f3 0-1

[Event "ARG-chT"]
[Site "Villa Martelli"]
[Date "2015.09.19"]
[Round "4.6"]
[White "Martinez de Negri, Agustin Gonzalo"]
[Black "Conde, Adrian"]
[Result "1-0"]
[WhiteElo "2137"]
[BlackElo "2090"]
[PlyCount "77"]
[EventDate "2015.08.29"]
[EventType "team-swiss"]
[EventRounds "9"]
[EventCountry "ARG"]
[SourceTitle "EXT 2017"]
[Source "ChessBase"]
[SourceDate "2016.10.25"]
[SourceVersion "1"]
[SourceVersionDate "2016.10.25"]
[SourceQuality "1"]
[WhiteTeam "Quilmes"]
[BlackTeam "Tacticos y Estrategas"]
[WhiteTeamCountry "ARG"]
[BlackTeamCountry "ARG"]

1. e4 c5 2. Nf3 e6 3. d4 cxd4 4. Nxd4 a6 5. Nc3 Qc7 6. Bd3 Nf6 7. 0-0 b5 8. Re1 Bb7 9. Bg5 Nc6 10. Nf3 Bc5 11. h3 h6 12. Bh4 g5 13. e5 Nxe5 14. Rxe5 gxh4 15. Ne4 Nxe4 16. Bxe4 Bxe4 17. Rxe4 Rg8 18. Nxh4 0-0-0 19. a4 f5 20. Rd4 Bxd4 21. Qxd4 b4 22. Qxb4 Qb7 23. Qd6 Qc6 24. Qd2 Rg5 25. Ra3 Kb7 26. a5 Rdg8 27. Rb3+ Ka8 28. f4 Rg3 29. Rb6 Qc8 30. Qd6 Ka7 31. Qd4 Ka8 32. Kh2 R3g7 33. c4 Rf7 34. b4 d5 35. cxd5 Rd8 36. d6 Ra7 37. Ng6 Qd7 38. Ne5 Qa4 39. Qc3 1-0

[Event "Buenos Aires Duchamp Boca op 3rd"]
[Site "Buenos Aires"]
[Date "2013.06.23"]
[Round "3"]
[White "Martinez de Negri, Agustin Gonzalo"]
[Black "Mussanti, Diego"]
[Result "0-1"]
[WhiteElo "2173"]
[BlackElo "2310"]
[PlyCount "94"]
[EventDate "2013.06.20"]
[EventType "swiss"]
[EventRounds "9"]
[EventCountry "ARG"]
[SourceTitle "CBM 155 Extra"]
[Source "ChessBase"]
[SourceDate "2013.08.26"]
[SourceVersion "1"]
[SourceVersionDate "2013.08.26"]
[SourceQuality "1"]

1. e4 c5 2. Nf3 e6 3. d4 cxd4 4. Nxd4 Nc6 5. Nc3 d6 6. g4 h6 7. Bg2 Bd7 8. 0-0 Nf6 9. h3 Be7 10. Kh1 0-0 11. f4 Nxd4 12. Qxd4 Bc6 13. Be3 Qc7 14. Bg1 e5 15. Qe3 exf4 16. Qxf4 Nd7 17. Bd4 Ne5 18. Nd5 Bxd5 19. exd5 Rac8 20. Be4 Bg5 21. Qf5 g6 22. Qf2 Qe7 23. Qg2 a6 24. Rae1 Bf6 25. c3 Bg7 26. Qg3 Bf6 27. Qh2 Rce8 28. Qd2 Bg7 29. Qf2 Qd7 30. Qg3 Re7 31. b3 Rfe8 32. Bb1 b5 33. Qg2 a5 34. Bc2 b4 35. cxb4 axb4 36. Qd2 Qb5 37. Qg2 Nxg4 38. Rxe7 Rxe7 39. hxg4 Bxd4 40. Qf3 Qe2 41. Bd3 Qe5 42. Rc1 Qg5 43. Rf1 f5 44. Qf4 Qh4+ 45. Qh2 Qxg4 46. Qxd6 Be5 47. Qd8+ Kf7 0-1

[Event "Buenos Aires Duchamp Boca op 3rd"]
[Site "Buenos Aires"]
[Date "2013.06.20"]
[Round "1"]
[White "Martinez de Negri, Agustin Gonzalo"]
[Black "Zanola, Daniel Alejandro"]
[Result "1-0"]
[WhiteElo "2173"]
[BlackElo "1719"]
[PlyCount "39"]
[EventDate "2013.06.20"]
[EventType "swiss"]
[EventRounds "9"]
[EventCountry "ARG"]
[SourceTitle "CBM 155 Extra"]
[Source "ChessBase"]
[SourceDate "2013.08.26"]
[SourceVersion "1"]
[SourceVersionDate "2013.08.26"]
[SourceQuality "1"]

1. e4 c6 2. d4 d5 3. Nc3 dxe4 4. Nxe4 Bf5 5. Ng3 Bg6 6. h4 h6 7. Nf3 Nf6 8. Ne5 Bh7 9. Bc4 e6 10. Qe2 Nd5 11. Nh5 Nd7 12. Bxd5 cxd5 13. Nxd7 Kxd7 14. Qb5+ Kc8 15. Rh3 a6 16. Qb3 Rg8 17. Rf3 f5 18. Rc3+ Kb8 19. Rc6 Qe8 20. Bf4+ 1-0

[Event "Buenos Aires Duchamp Memorial op 5th"]
[Site "Buenos Aires"]
[Date "2013.03.26"]
[Round "5"]
[White "Martinez de Negri, Agustin Gonzalo"]
[Black "Perelman, Hernan"]
[Result "1/2-1/2"]
[WhiteElo "2153"]
[BlackElo "2363"]
[PlyCount "42"]
[EventDate "2013.03.23"]
[EventType "swiss"]
[EventRounds "8"]
[EventCountry "ARG"]
[SourceTitle "CBM 153 Extra"]
[Source "ChessBase"]
[SourceDate "2013.04.22"]
[SourceVersion "1"]
[SourceVersionDate "2013.04.22"]
[SourceQuality "1"]

1. e4 d6 2. d4 Nf6 3. Nc3 Nbd7 4. Nf3 e5 5. Bc4 Be7 6. 0-0 0-0 7. Re1 c6 8. a4 a5 9. b3 exd4 10. Nxd4 Nb6 11. Bf1 d5 12. e5 Ne8 13. Ba3 Bxa3 14. Rxa3 Nc7 15. Ra2 Re8 16. Bd3 g6 17. f4 f6 18. Qf3 fxe5 19. fxe5 Qh4 20. Qe3 Nd7 21. Nf3 Qb4 1/2-1/2